000 00312nam a2200121Ia 4500
008 240731s9999 xx 000 0 und d
022 _a1464-5076
245 0 _aClinical Linguistics & Phonetics
260 _bTaylor & Francis
856 _uhttps://www.tandfonline.com/loi/iclp20
942 _2ddc
942 _cTFEJ
999 _c75893
_d75893
945 _a1
_bMadushi Gamage
_c1
_dMadushi Gamage